| 000 | 01253cam a22003374a 4500 | ||
|---|---|---|---|
| 001 | 13014454 | ||
| 003 | OSt | ||
| 005 | 20140310182135.0 | ||
| 008 | 021126s2003 paua c b 001 0 eng | ||
| 010 | _a 2002154667 | ||
| 020 | _a1590843185 | ||
| 040 |
_aDLC _cDLC _dDLC |
||
| 042 |
_apcc _alcac |
||
| 043 | _an-us--- | ||
| 050 | 0 | 0 |
_aUB 413 _b.L53 2003 |
| 082 | 0 | 0 |
_aHS 355 _bL62 2003 |
| 100 | 1 |
_aLibal, Joyce. _911339 |
|
| 245 | 1 | 0 |
_aMilitary and elite forces officer / _cJoyce Libal. |
| 260 |
_aBroomall, Pa. : _bMason Crest Publishers, _cc2003. |
||
| 300 |
_a90 p. : _bcol. ill. ; _c24 cm. |
||
| 440 | 0 |
_aCareers with character _911335 |
|
| 500 | _aIncludes bibliographical references (p. 86) and index. | ||
| 650 | 1 |
_aVocational guidance. _92038 |
|
| 651 | 0 |
_aUnited States _xArmed Forces _xOfficers _xVocational guidance _vJuvenile literature. _914973 |
|
| 651 | 1 |
_aUnited States _xArmed Forces _xOfficers _xVocational guidance. _914974 |
|
| 856 | 4 | 1 |
_3Table of contents _uhttp://www.loc.gov/catdir/toc/fy035/2002154667.html |
| 906 |
_a7 _bcbc _corignew _d1 _eecip _f20 _gy-gencatlg |
||
| 942 |
_2lcc _cHS |
||
| 999 |
_c9764 _d9764 |
||